000
00344 a2200157 4500
001
70725
020
_a
9788508148721
040
_c
Anchieta - Itaigara
100
_a
Azevedo, Álvares de
240
1
0
_a
Noite na taverna
_l
por
245
1
0
_a
Noite na taverna
300
_a
93p.
362
0
_a
2011
650
4
_a
Ficção brasileira
942
_c
BK
999
_c
70725
_d
70725